Most Expensive CFB Roster - Statistics

General Stats
  • This quiz has been taken 48 times
  • The average score is 14 of 25
Answer Stats
Hint Answer % Correct
#1 Texas $22.2M
95%
#2 Ohio State $20.2M
92%
#19 Oregon $10.6M
89%
#7 Alabama $15.9M
87%
#6 Michigan $16.3M
84%
#4 Georgia $18.3M
82%
#5 Texas A&M $17.2M
79%
#8 Florida $15.8M
74%
#12 Indiana $13.6M
74%
#11 Penn State $13.7M
68%
#20 Florida State $10M
66%
#3 LSU $20.1M
66%
#15 Tennessee $11.6M
61%
#10 Oklahoma $14.8M
58%
#24 Washington $9.4M
55%
#9 Clemson $15.2M
47%
#25 Illinois $9.3M
34%
#16 Auburn $11.58M
32%
#21 Iowa $9.6M
32%
#17 Arkansas $11.5M
29%
#14 Virginia $12.7M
29%
#22 South Carolina $9.5M
26%
#13 Michigan State $13M
24%
#18 Kentucky $11.2M
21%
#23 Louisville $9.44M
8%
No matching quizzes found
Score Distribution
Percent of People with Each Score
Percentile by Number Answered
Your Score History
You have not taken this quiz